[Event "ICS rated blitz match"]
[Site "204.178.125.65"]
[Date "2000.09.14"]
[Round "?"]
[White "Valg"]
[Black "Hossa"]
[Result "1/2-1/2"]
[WhiteElo "2442"]
[BlackElo "2517"]
[PlyCount "181"]
[EventDate "2000.??.??"]

1. e4 e5 2. Nf3 Nc6 3. Bc4 Bc5 4. b4 Bxb4 5. c3 Ba5 6. d4 d6 7. Qb3 Qd7 8. dxe5
Bb6 9. Nbd2 Na5 10. Qc2 Nxc4 11. Nxc4 d5 12. exd5 Qxd5 13. Qa4+ Bd7 14. Nxb6
cxb6 15. Qd4 Qxd4 16. Nxd4 Rc8 17. Bd2 Ne7 18. O-O Nd5 19. Rac1 Rc5 20. c4 Ne7
21. f4 Rc8 22. Nb5 Bxb5 23. cxb5 Rc5 24. a4 Nd5 25. Kf2 Kd7 26. Be3 Nxe3 27.
Kxe3 Rhc8 28. Rfd1+ Ke8 29. Rxc5 bxc5 30. Rd3 Rd8 31. a5 Rxd3+ 32. Kxd3 b6 33.
Kc4 g6 34. h3 h6 35. a6 Ke7 36. Kd5 Kd7 37. g4 Ke8 38. h4 Kd8 39. h5 gxh5 40.
gxh5 Kd7 41. f5 Ke8 42. Kc4 Ke7 43. Kd3 Kf8 44. Kd2 Kg8 45. Ke2 Kg7 46. Kd3 Kg8
47. Ke2 Kg7 48. Kd3 Kg8 49. Kd2 Kh7 50. Ke3 Kg7 51. Ke2 Kg8 52. Kf2 Kg7 53. Ke2
Kg8 54. Kf3 Kg7 55. Ke4 Kf8 56. Ke3 Ke8 57. Ke4 Ke7 58. Kf4 Kf8 59. Ke3 Ke8 60.
Kf3 Kf8 61. Kg3 Kg7 62. Kf2 Kf8 63. Kf3 Kg8 64. Kf2 Kg7 65. Ke1 Kh7 66. Kd1 Kg7
67. Kc1 Kf8 68. Kd2 Kg8 69. Kc3 Kg7 70. Kb3 Kf8 71. Kc2 Ke8 72. Kc1 Ke7 73. Kd2
Kd7 74. Kd3 Ke7 75. Kd2 Kd7 76. Kc2 Kc7 77. Kd3 Kd8 78. Kc3 Kd7 79. Kc2 Kc7 80.
Kb1 Kd8 81. Ka2 Kd7 82. Kb3 Ke7 83. Kb2 Kf8 84. Kc2 Ke8 85. Kb3 Ke7 86. Kb2 Kf8
87. Kc3 Ke7 88. Kc4 Ke8 89. Kd5 Ke7 90. Ke4 Kd7 91. Kd5 {
Game drawn by the 50 move rule} 1/2-1/2

[Event "ICS rated blitz match"]
[Site "204.178.125.65"]
[Date "2000.09.14"]
[Round "?"]
[White "Hossa"]
[Black "Valg"]
[Result "1-0"]
[WhiteElo "2514"]
[BlackElo "2445"]
[PlyCount "120"]
[EventDate "2000.??.??"]

1. e4 c5 2. Nf3 d6 3. d4 cxd4 4. Nxd4 Nf6 5. Nc3 a6 6. Bg5 e6 7. f4 Be7 8. Qf3
Qc7 9. O-O-O Nbd7 10. g4 b5 11. Bxf6 Nxf6 12. g5 Nd7 13. f5 Nc5 14. f6 gxf6 15.
gxf6 Bf8 16. Rg1 Bd7 17. Rg7 Bxg7 18. fxg7 Rg8 19. e5 O-O-O 20. exd6 Qb6 21.
Ne4 Bc6 22. Nxc6 Qxc6 23. Qc3 Qxe4 24. Qxc5+ Kb7 25. Qc7+ Ka8 26. Qxf7 Qg4 27.
Qf6 Rd7 28. h3 Qf5 29. Qd4 Rgxg7 30. Qb6 Qf4+ 31. Kb1 Qa4 32. Be2 e5 33. b3 Qe4
34. Rf1 Rgf7 35. Qxa6+ Kb8 36. Qxb5+ Qb7 37. Rxf7 Rxf7 38. Qxe5 Ka7 39. Qa5+
Kb8 40. Bc4 Rg7 41. Qd8+ Ka7 42. Kb2 Qb4 43. d7 Qc5 44. Bd5 Qd4+ 45. c3 Qxd5
46. Qc7+ Ka6 47. Qc8+ Qb7 48. d8=Q Qxc8 49. Qxc8+ Kb6 50. Qd8+ Rc7 51. Qd6+ Kb7
52. a3 Kc8 53. Kc2 Rd7 54. Qb6 Rf7 55. Qa6+ Kd7 56. Qb7+ Ke6 57. Qb6+ Kf5 58.
Qd6 Kg5 59. Qg3+ Kf6 60. h4 Rd7 {Valg resigns} 1-0

[Event "ICS Rated standard match"]
[Site "204.178.125.65"]
[Date "2000.09.14"]
[Round "?"]
[White "Valg"]
[Black "Hossa"]
[Result "1-0"]
[WhiteElo "2229"]
[BlackElo "2313"]
[PlyCount "153"]
[EventDate "2000.??.??"]

1. d4 d5 2. c4 e6 3. Nc3 Nf6 4. Bg5 Be7 5. e3 O-O 6. Nf3 Nbd7 7. Rc1 c6 8. Bd3
dxc4 9. Bxc4 Nd5 10. Bxe7 Qxe7 11. Ne4 N5f6 12. Ng3 e5 13. O-O exd4 14. Nf5 Qd8
15. N5xd4 Nb6 16. Qd3 Nxc4 17. Qxc4 Qd5 18. Qxd5 Nxd5 19. Rfd1 f6 20. Rd2 g5
21. h3 h5 22. Ne2 g4 23. hxg4 Bxg4 24. Nfd4 Bxe2 25. Nxe2 f5 26. Rc4 Kf7 27.
Nf4 Nxf4 28. Rxf4 Kf6 29. Rd7 Rab8 30. Rfd4 Kg6 31. Re7 Rf7 32. Rd6+ Kg7 33.
Rxf7+ Kxf7 34. Rh6 Rd8 35. Rh7+ Ke6 36. Rxb7 h4 37. Kf1 Rd2 38. a3 a5 39. b4
Rb2 40. Rb8 Rb3 41. Rb6 Kd5 42. bxa5 Rxa3 43. Ra6 c5 44. Ke2 c4 45. Ra8 Ke4 46.
a6 Ra2+ 47. Ke1 Kd3 48. Rd8+ Kc3 49. Rd6 Kb3 50. Rb6+ Kc2 51. Ke2 Kc1+ 52. Kf1
Kc2 53. Ke1 c3 54. Ke2 Kc1+ 55. Kd3 Rxf2 56. Kxc3 Rxg2 57. Rf6 Rc2+ 58. Kd4 Ra2
59. e4 Ra4+ 60. Kc3 Rxe4 61. Rxf5 Re3+ 62. Kb4 h3 63. Rh5 Re4+ 64. Kb5 Re3 65.
a7 Ra3 66. Kb6 Rb3+ 67. Ka6 Ra3+ 68. Ra5 Re3 69. a8=Q Re6+ 70. Kb5 Rg6 71. Ra1+
Kd2 72. Qd5+ Ke3 73. Ra3+ Ke2 74. Qf3+ Ke1 75. Ra1+ Kd2 76. Ra2+ Ke1 77. Qe2# {
Hossa checkmated} 1-0

[Event "ICS rated blitz match"]
[Site "204.178.125.65"]
[Date "2000.09.14"]
[Round "?"]
[White "Knightfreak"]
[Black "Hossa"]
[Result "0-1"]
[WhiteElo "2400"]
[BlackElo "2527"]
[PlyCount "84"]
[EventDate "2000.??.??"]

1. e4 e5 2. Nf3 Nc6 3. Bb5 a6 4. Ba4 Nf6 5. O-O Be7 6. Re1 b5 7. Bb3 d6 8. c3
O-O 9. h3 Bb7 10. d4 Re8 11. Nbd2 Bf8 12. d5 Ne7 13. Nf1 Ng6 14. a4 Be7 15. Ng3
Nd7 16. Bc2 bxa4 17. Rxa4 Rb8 18. b4 Nb6 19. Ra2 Bf6 20. Bd3 Qc8 21. c4 Be7 22.
Be3 Nd7 23. Qc2 c5 24. dxc6 Bxc6 25. Rea1 Rxb4 26. Rxa6 Nc5 27. Bxc5 dxc5 28.
Nf5 Qe6 29. Ne3 Reb8 30. Nd5 Rb2 31. Qc1 R2b7 32. Qc3 Rb3 33. Qc2 Rb2 34. Qc1
R2b7 35. Qe3 Bf8 36. Kh2 Rb2 37. Qe1 Qd7 38. Ra7 R2b7 39. R7a6 Bd6 40. Qc3 Rb3
41. Qc2 Rb2 42. Qc3 Rxf2 {Knightfreak resigns} 0-1

[Event "ICS rated blitz match"]
[Site "204.178.125.65"]
[Date "2000.09.14"]
[Round "?"]
[White "Hossa"]
[Black "Knightfreak"]
[Result "1-0"]
[WhiteElo "2537"]
[BlackElo "2390"]
[PlyCount "53"]
[EventDate "2000.??.??"]

1. e4 c5 2. Nf3 d6 3. d4 cxd4 4. Nxd4 Nf6 5. Nc3 a6 6. Bg5 e6 7. f4 Qb6 8. Nb3
Be7 9. Qf3 Nbd7 10. O-O-O Qc7 11. Bh4 Rb8 12. g4 O-O 13. g5 Ne8 14. Qf2 b5 15.
g6 Bxh4 16. gxh7+ Kh8 17. Qxh4 Bb7 18. Bd3 b4 19. Nb1 a5 20. Rhg1 a4 21. Nd4
Qc5 22. Bb5 Ndf6 23. Bxe8 Bxe4 24. Bxa4 Rbc8 25. f5 e5 26. Rxg7 Bxc2 27. Qxf6 {
Knightfreak resigns} 1-0

[Event "ICS rated blitz match"]
[Site "204.178.125.65"]
[Date "2000.09.14"]
[Round "?"]
[White "Knightfreak"]
[Black "Hossa"]
[Result "1-0"]
[WhiteElo "2380"]
[BlackElo "2547"]
[PlyCount "45"]
[EventDate "2000.??.??"]

1. e4 e6 2. Nf3 Nf6 3. e5 Nd5 4. d4 Nc6 5. c4 Bb4+ 6. Bd2 Nde7 7. Bxb4 Nxb4 8.
a3 Na6 9. Nc3 O-O 10. Bd3 d6 11. Bxh7+ Kxh7 12. Ng5+ Kg6 13. Qg4 f5 14. exf6 e5
15. Ne6+ Kxf6 16. d5 Bxe6 17. Qxe6+ Kg5 18. h4+ Kf4 19. Ke2 Rf5 20. g3+ Kg4 21.
f3+ Kxg3 22. Rag1+ Kf4 23. Rg4# {Hossa checkmated} 1-0

[Event "ICS Rated standard match"]
[Site "204.178.125.65"]
[Date "2000.09.14"]
[Round "?"]
[White "Hossa"]
[Black "dori"]
[Result "1-0"]
[WhiteElo "2293"]
[BlackElo "2037"]
[PlyCount "65"]
[EventDate "2000.??.??"]

1. e4 c6 2. d4 d5 3. Nc3 dxe4 4. Nxe4 Nf6 5. Nxf6+ gxf6 6. c3 Bf5 7. Nf3 e6 8.
Bf4 Bd6 9. Bxd6 Qxd6 10. Qb3 Nd7 11. Qxb7 Rb8 12. Qa6 O-O 13. b3 Kh8 14. Be2
Rg8 15. Nh4 Be4 16. f3 Bg6 17. Nxg6+ Rxg6 18. g3 Rg5 19. Qxa7 Rgg8 20. Qa6 Ra8
21. Qd3 Ra3 22. Qc2 c5 23. Rd1 Rga8 24. dxc5 Qxc5 25. Rxd7 Rxa2 26. Qd1 Qxc3+
27. Kf2 Kg7 28. Qd3 Qc5+ 29. Qe3 Qh5 30. Qxe6 Rb2 31. Re7 Raa2 32. Qc4 Rc2 33.
Qb4 {dori resigns} 1-0

[Event "ICS Rated blitz match"]
[Site "204.178.125.65"]
[Date "2000.09.14"]
[Round "?"]
[White "Knightfreak"]
[Black "Hossa"]
[Result "0-1"]
[WhiteElo "2392"]
[BlackElo "2535"]
[PlyCount "72"]
[EventDate "2000.??.??"]

1. e4 c6 2. d4 d5 3. Nc3 dxe4 4. Nxe4 Bf5 5. Ng3 Bg6 6. h4 h6 7. Nf3 Nd7 8. h5
Bh7 9. Bd3 Bxd3 10. Qxd3 Ngf6 11. Bf4 Nd5 12. Bd2 e6 13. O-O-O Bd6 14. Ne4 Bc7
15. g3 Qe7 16. Kb1 O-O-O 17. Rhe1 N5f6 18. Rh1 Nd5 19. Qe2 Kb8 20. c4 N5f6 21.
Bc3 Nxe4 22. Qxe4 Nf6 23. Qe2 Rhg8 24. Ne5 Rgf8 25. f4 Bd6 26. Rd2 Bb4 27. Bxb4
Qxb4 28. Rhd1 Rc8 29. g4 Rcd8 30. g5 hxg5 31. fxg5 Ne8 32. g6 fxg6 33. hxg6 Nd6
34. Rd3 Qa4 35. Ra3 Rf2 36. Qe1 Qc2+ {Knightfreak resigns} 0-1

[Event "ICS rated blitz match"]
[Site "204.178.125.65"]
[Date "2000.09.14"]
[Round "?"]
[White "Hossa"]
[Black "Knightfreak"]
[Result "1-0"]
[WhiteElo "2545"]
[BlackElo "2382"]
[PlyCount "51"]
[EventDate "2000.??.??"]

1. e4 c5 2. c3 d5 3. exd5 Qxd5 4. d4 Nf6 5. Nf3 e6 6. Bd3 Be7 7. O-O cxd4 8.
cxd4 Nc6 9. Nc3 Qd6 10. Be3 O-O 11. Qd2 b6 12. Bf4 Qd8 13. Nb5 Nd5 14. Rac1 Bb7
15. Bg3 g6 16. Qh6 Bf6 17. Nd6 Bg7 18. Qd2 Qd7 19. Bb5 Nde7 20. Nxb7 Qxb7 21.
Bd6 Rfd8 22. Qf4 Nxd4 23. Nxd4 Nd5 24. Bc6 Qxc6 25. Nxc6 Nxf4 26. Bxf4 {
Knightfreak resigns} 1-0

[Event "ICS rated blitz match"]
[Site "204.178.125.65"]
[Date "2000.09.14"]
[Round "?"]
[White "Knightfreak"]
[Black "Hossa"]
[Result "0-1"]
[WhiteElo "2373"]
[BlackElo "2554"]
[PlyCount "55"]
[EventDate "2000.??.??"]

1. e4 e5 2. Nf3 Nc6 3. Bb5 a6 4. Ba4 Nf6 5. O-O Be7 6. Re1 b5 7. Bb3 d6 8. c3
O-O 9. h3 Bb7 10. d4 Re8 11. Nbd2 Bf8 12. d5 Ne7 13. a4 c6 14. dxc6 Bxc6 15.
Ng5 d5 16. exd5 Nexd5 17. Nde4 bxa4 18. Bxa4 Bxa4 19. Qxa4 Qb6 20. Nf3 Nxe4 21.
Rxe4 Bc5 22. Qc2 Qd6 23. b4 Bb6 24. Bb2 f5 25. Re2 e4 26. Nh2 e3 27. fxe3 Nxe3
28. Qb3+ {Knightfreak resigns} 0-1

[Event "ICS rated blitz match"]
[Site "204.178.125.65"]
[Date "2000.09.14"]
[Round "?"]
[White "Hossa"]
[Black "JZInsomniac"]
[Result "0-1"]
[WhiteElo "2564"]
[BlackElo "2847"]
[PlyCount "106"]
[EventDate "2000.??.??"]

1. e4 c5 2. Nf3 e6 3. d4 cxd4 4. Nxd4 Nf6 5. Nc3 d6 6. Be2 Be7 7. O-O O-O 8. f4
a6 9. Be3 Qc7 10. Qe1 b5 11. Bf3 Bb7 12. e5 dxe5 13. fxe5 Nfd7 14. Qg3 Bc5 15.
Bxb7 Qxb7 16. Rf2 Bxd4 17. Bxd4 b4 18. Ne2 Nc6 19. Raf1 Qb5 20. a3 bxa3 21.
bxa3 Nxd4 22. Nxd4 Qxe5 23. Qh4 Qc5 24. Ra1 Nf6 25. Nb3 Qa7 26. Re1 Rfd8 27.
Qf4 e5 28. Qf5 Rab8 29. Na5 Qc7 30. Nb3 Rb5 31. g3 Rbd5 32. Qf3 a5 33. a4 e4
34. Qe2 h5 35. Ref1 Qb6 36. Kh1 Qb4 37. Qa6 Qxa4 38. Kg1 Qb4 39. c4 Rd1 40. Qb5
Qc3 41. Kg2 e3 42. Ra2 Rxf1 43. Kxf1 Qd3+ 44. Kg2 Qe4+ 45. Kh3 Qg4+ 46. Kg2 h4
47. Nd2 exd2 48. Qb1 d1=Q 49. Qxd1 Rxd1 50. Re2 Qxe2+ 51. Kh3 Qg4+ 52. Kg2 Rd2+
53. Kg1 Qd1# {Hossa checkmated} 0-1

[Event "ICS rated blitz match"]
[Site "204.178.125.65"]
[Date "2000.09.14"]
[Round "?"]
[White "Hossa"]
[Black "PostModernist"]
[Result "1-0"]
[WhiteElo "2559"]
[BlackElo "2636"]
[PlyCount "87"]
[EventDate "2000.??.??"]

1. e4 g6 2. d4 Bg7 3. Nc3 e6 4. h4 d5 5. e5 Bd7 6. h5 Nc6 7. h6 Bf8 8. Nf3 f6
9. Be3 Bb4 10. Bd3 Bxc3+ 11. bxc3 Qe7 12. O-O fxe5 13. dxe5 Qf8 14. Qd2 O-O-O
15. Bg5 Re8 16. c4 Qc5 17. cxd5 exd5 18. Qf4 d4 19. Rfe1 Be6 20. a4 a6 21. Be4
Bd5 22. Bxd5 Qxd5 23. Rad1 Qa5 24. Nxd4 Qxa4 25. Qg4+ Kb8 26. Qd7 Rf8 27. Ne6
Rc8 28. Qg7 Nxh6 29. Bxh6 Rhe8 30. Nc5 Qxc2 31. Rc1 Qa2 32. Rb1 Ka8 33. e6 Re7
34. Qc3 Rb8 35. Nxa6 Qxa6 36. Ra1 Na7 37. Rxa6 bxa6 38. Bg5 Ree8 39. Qxc7 Rb7
40. Qd6 h6 41. Bxh6 a5 42. e7 Nc8 43. Qc6 Rexe7 44. Qxc8+ {
PostModernist resigns} 1-0

[Event "ICS rated blitz match"]
[Site "204.178.125.65"]
[Date "2000.09.14"]
[Round "?"]
[White "PostModernist"]
[Black "Hossa"]
[Result "1/2-1/2"]
[WhiteElo "2617"]
[BlackElo "2578"]
[PlyCount "200"]
[EventDate "2000.??.??"]

1. d4 Nf6 2. c4 g6 3. Nf3 Bg7 4. g3 O-O 5. Nc3 d5 6. Bg2 dxc4 7. Qa4 Nd5 8.
Qxc4 Nb6 9. Qd3 Nc6 10. Bf4 Nxd4 11. Nxd4 Bxd4 12. O-O-O c5 13. e3 Bf5 14. Qe2
Qd7 15. exd4 cxd4 16. Qe5 f6 17. Qe2 g5 18. Be3 e5 19. g4 Bxg4 20. f3 Bf5 21.
f4 Bg4 22. Bf3 Bxf3 23. Qxf3 Qc6 24. Qxc6 bxc6 25. Bxd4 exd4 26. Rxd4 h6 27.
fxg5 hxg5 28. Rd6 Rac8 29. Ne4 Kg7 30. Rf1 Nd5 31. Rd7+ Kg6 32. Rxa7 Rce8 33.
Ng3 f5 34. Ra4 Ne3 35. Re1 f4 36. Ne4 Rh8 37. Rg1 Re5 38. Nf2 Rc5+ 39. Kb1 Rxh2
40. Rxf4 Rc2 41. Nd3 Rcd2 42. Rd4 Kf5 43. Rc1 Rc2 44. Rxc2 Rxc2 45. a4 Rd2 46.
Rd8 Kf6 47. Rd6+ Ke7 48. Rd4 Nf5 49. Re4+ Kd6 50. Ne5 Kd5 51. Re1 Nd4 52. Ng4
Kc5 53. a5 Kb5 54. Re5+ c5 55. Rxg5 Rg2 56. Ka2 Nc6 57. Rg8 Nb4+ 58. Ka3 Rg3+
59. b3 Rg2 60. Rb8+ Kxa5 61. Nf2 Nc2+ 62. Kb2 Rxf2 63. Kc3 Ne3 64. Ra8+ Kb5 65.
Rb8+ Kc6 66. Rc8+ Kd6 67. Rd8+ Kc6 68. Rc8+ Kd5 69. Rd8+ Ke4 70. Re8+ Kf4 71.
Kd3 Nf5 72. Re4+ Kg3 73. Re5 Rf3+ 74. Kc4 Kf4 75. Rxc5 Nd6+ 76. Kb4 Rf1 77. Rd5
Ne4 78. Rd8 Ke3 79. Kb5 Rc1 80. b4 Nc3+ 81. Kc5 Na2+ 82. Kb5 Ke4 83. Ka5 Nxb4
84. Kxb4 Kf4 85. Re8 Kg4 86. Kb5 Kh4 87. Ka5 Kh5 88. Rd8 Kh6 89. Re8 Kh7 90.
Kb6 Kg7 91. Ka6 Kh7 92. Ka7 Kg7 93. Ka8 Kh7 94. Rd8 Kg7 95. Rd7+ Kh6 96. Ka7
Kg6 97. Ka8 Kh6 98. Ka7 Kg6 99. Ka8 Kh6 100. Ka7 Kg6 {Game drawn by repetition}
1/2-1/2

[Event "ICS rated blitz match"]
[Site "204.178.125.65"]
[Date "2000.09.14"]
[Round "?"]
[White "Hossa"]
[Black "PostModernist"]
[Result "1/2-1/2"]
[WhiteElo "2580"]
[BlackElo "2615"]
[PlyCount "272"]
[EventDate "2000.??.??"]

1. e4 g6 2. d4 Bg7 3. Nc3 e6 4. h4 Ne7 5. h5 gxh5 6. Be3 d5 7. exd5 Nxd5 8.
Nxd5 Qxd5 9. Rxh5 f5 10. Qf3 Nc6 11. c3 Qxf3 12. Nxf3 Bd7 13. O-O-O O-O-O 14.
Re1 Be8 15. Rh1 h6 16. Bf4 Bd7 17. Bc4 Rde8 18. Kb1 a6 19. Re3 b5 20. Bd3 Ne7
21. Bh2 Ng6 22. Rhe1 Bf6 23. R3e2 Nh4 24. Nxh4 Bxh4 25. Be5 Rhg8 26. g3 Bg5 27.
a4 Kb7 28. b3 Rb8 29. axb5 axb5 30. Ra2 Ra8 31. Ree2 Bc6 32. Rxa8 Rxa8 33. Ra2
Rxa2 34. Kxa2 Bd2 35. d5 exd5 36. Bxf5 Be1 37. Bd4 b4 38. cxb4 Bxb4 39. Be6 Be1
40. Kb2 Ka6 41. Kc2 Bb4 42. Be3 Bf8 43. f4 Bg7 44. Bc5 Kb5 45. Bf2 d4 46. Kd3
Kc5 47. b4+ Kxb4 48. Bxd4 Bb5+ 49. Ke3 Bf8 50. Kd2 c5 51. Bc3+ Ka3 52. Bg4 c4
53. Bd1 Ba4 54. Bf3 Bd7 55. Bd5 Kb3 56. Be4 Bg4 57. Bc2+ Ka2 58. Bg6 Ka3 59.
Kc2 Bd6 60. Bf7 Bf5+ 61. Kd2 Kb3 62. Bh5 Bb4 63. Bd1+ Ka3 64. g4 Be6 65. f5 Bf7
66. f6 Bc5 67. Bf3 Bb4 68. Bc6 Kb3 69. Bxb4 Kxb4 70. Be4 c3+ 71. Kc2 Kc4 72.
Bf5 Kd4 73. Kc1 Ke5 74. Kc2 Kxf6 75. Kxc3 Ke5 76. Kd3 Kf4 77. g5 hxg5 78. Bh3
Bh5 79. Kd2 Bg4 80. Bg2 Bc8 81. Ke2 Be6 82. Kf2 g4 83. Kg1 Bc4 84. Bh1 Bg8 85.
Bg2 Ke3 86. Bh1 g3 87. Kg2 Kf4 88. Kf1 Bf7 89. Bg2 Bb3 90. Bh1 Kf5 91. Kg1 Kg4
92. Bg2 Bc2 93. Bh1 Bf5 94. Bg2 Kf4 95. Bh1 Bg6 96. Bg2 Bh5 97. Bf1 Bf3 98. Bg2
Be2 99. Bd5 Bd3 100. Bg2 Bg6 101. Bh1 Bh7 102. Bd5 Kf5 103. Be6+ Ke5 104. Bg4
Kf4 105. Bh3 Be4 106. Bg2 Bd3 107. Bc6 Kg4 108. Bd7+ Kf3 109. Bc6+ Kf4 110. Bg2
Kg4 111. Bh1 Kh3 112. Bg2+ Kh4 113. Bh1 Bg6 114. Bg2 Bf5 115. Bh1 Bd7 116. Bg2
Kg4 117. Be4 Kh4 118. Bg2 Be6 119. Bf1 Kg4 120. Be2+ Kf4 121. Bd1 Bd5 122. Be2
Bc6 123. Bd1 Bb7 124. Bc2 Kg5 125. Bd1 Kf6 126. Be2 Be4 127. Bf1 Ke5 128. Bh3
Bc6 129. Bg2 Bd7 130. Bh1 Kf5 131. Bg2 Kf4 132. Bb7 Be6 133. Bc6 Bh3 134. Bb5
Bc8 135. Bc4 Bf5 136. Bb3 Be4 {Game drawn by the 50 move rule} 1/2-1/2

[Event "ICS rated blitz match"]
[Site "204.178.125.65"]
[Date "2000.09.14"]
[Round "?"]
[White "PostModernist"]
[Black "Hossa"]
[Result "1-0"]
[WhiteElo "2613"]
[BlackElo "2582"]
[PlyCount "145"]
[EventDate "2000.??.??"]

1. d4 Nf6 2. c4 g6 3. Nc3 Bg7 4. e4 O-O 5. Nf3 d6 6. h3 e5 7. d5 Na6 8. Bg5 Bd7
9. Bd3 Nb4 10. Be2 Na6 11. O-O Qe7 12. Qd2 Nc5 13. b4 Na4 14. Nxa4 Bxa4 15. Bd3
Rfd8 16. b5 a6 17. Rfb1 axb5 18. cxb5 Rdc8 19. Bh6 Bxh6 20. Qxh6 Qf8 21. Qh4
Nh5 22. Rb2 Nf4 23. Bc4 h6 24. g3 Nh5 25. Be2 Kg7 26. Nh2 Nf6 27. Ng4 Ng8 28.
Ne3 Nf6 29. f4 Qh8 30. fxe5 dxe5 31. Rf1 Qd8 32. Bd3 Nd7 33. Qg4 Nc5 34. Rbf2
f6 35. Bc4 h5 36. Qh4 f5 37. exf5 Qxh4 38. gxh4 Rf8 39. Rg2 Rf6 40. Rxg6+ Rxg6+
41. fxg6 Kxg6 42. Rf5 Rh8 43. Rxe5 Kf6 44. Rf5+ Ke7 45. Be2 Kd8 46. Ng2 Ne4 47.
Rxh5 Rxh5 48. Bxh5 Bxb5 49. Bd1 Bc4 50. Bb3 Be2 51. Nf4 Bf3 52. h5 Ke7 53. h6
Kf6 54. Bc2 Kf7 55. Ne6 Kg8 56. Nxc7 Ng5 57. d6 Nxh3+ 58. Kh2 Bg4 59. Bb3+ Kh7
60. Ne6 Bxe6 61. Bxe6 Nf4 62. Bh3 Kxh6 63. d7 Ng6 64. d8=Q Kg7 65. Bf5 Nf4 66.
Qc7+ Kf6 67. Qxf4 b6 68. Qd6+ Kf7 69. Qe6+ Kf8 70. Qf6+ Kg8 71. Bg6 b5 72. Qf7+
Kh8 73. Qf8# {Hossa checkmated} 1-0

[Event "ICS Rated blitz match"]
[Site "204.178.125.65"]
[Date "2000.09.15"]
[Round "?"]
[White "Hossa"]
[Black "PostModernist"]
[Result "1/2-1/2"]
[WhiteElo "2567"]
[BlackElo "2628"]
[PlyCount "114"]
[EventDate "2000.??.??"]

1. e4 c5 2. Nf3 g6 3. d4 Bg7 4. dxc5 Nf6 5. e5 Ng4 6. Qd4 h5 7. Bb5 Nc6 8. Bxc6
dxc6 9. Qxd8+ Kxd8 10. Bf4 f6 11. exf6 exf6 12. O-O Bd7 13. Nbd2 g5 14. Bd6 Nh6
15. Rfe1 Nf5 16. Ne4 g4 17. Nfd2 h4 18. Bf4 h3 19. Nd6 Nxd6 20. cxd6 hxg2 21.
Kxg2 f5 22. Nc4 Rh3 23. Re7 Bd4 24. c3 Bh8 25. Be5 b5 26. Bxh8 bxc4 27. Be5 Rb8
28. Rb1 Rb5 29. Kf1 Kc8 30. Bg3 c5 31. Ke1 Ra5 32. a3 Rb5 33. Kf1 Rb6 34. Kg1
Rh8 35. Bf4 Rh3 36. Be5 Rd3 37. Rh7 Rd2 38. h4 Rbxb2 39. Rxb2 Rxb2 40. h5 Rb1+
41. Kh2 Re1 42. Bf4 Re2 43. Kg3 Rc2 44. Be5 f4+ 45. Kxf4 Rxf2+ 46. Ke3 Rf3+ 47.
Ke2 Rf5 48. Bg3 Rf3 49. Rh8+ Kb7 50. Be5 Rf5 51. Bh2 Rf3 52. Rh7 Kc6 53. Be5
Rf5 54. Bg3 Rf3 55. Be5 Rf5 56. Bg3 Rf3 57. Be5 Rf5 {Game drawn by repetition}
1/2-1/2

[Event "ICS rated blitz match"]
[Site "204.178.125.65"]
[Date "2000.09.15"]
[Round "?"]
[White "PostModernist"]
[Black "Hossa"]
[Result "1/2-1/2"]
[WhiteElo "2625"]
[BlackElo "2570"]
[PlyCount "174"]
[EventDate "2000.??.??"]

1. d4 d5 2. Nf3 Nf6 3. e3 e6 4. Bd3 Be7 5. Nbd2 c6 6. O-O O-O 7. Ne5 Nbd7 8. b3
Bb4 9. Nef3 Bc3 10. Ba3 Re8 11. Rc1 e5 12. Nb1 exd4 13. exd4 Ba5 14. c4 Nf8 15.
cxd5 Nxd5 16. Ne5 Nb4 17. Bc4 Be6 18. Nc3 Qh4 19. Bxe6 Nxe6 20. d5 cxd5 21.
Bxb4 Bxb4 22. Qxd5 Re7 23. Rfd1 Rc8 24. Ne4 Rce8 25. Nf3 Nf4 26. Nxh4 Nxd5 27.
Rxd5 Rxe4 28. g3 g6 29. Rc7 Re1+ 30. Kg2 R1e7 31. Rxe7 Rxe7 32. Nf3 Re2 33. Rb5
Bd6 34. Rxb7 Bc5 35. Kh3 Bxf2 36. a4 h5 37. b4 Rb2 38. a5 a6 39. Rb8+ Kg7 40.
Ra8 f6 41. Kg2 Be3+ 42. Kh1 Rf2 43. Nh4 Kf7 44. Kg1 Rb2+ 45. Kh1 Rxb4 46. Rxa6
Rc4 47. Rd6 Rc1+ 48. Kg2 Rc2+ 49. Kf3 Bc5 50. Rd7+ Ke6 51. Rc7 f5 52. Rxc5 Rxc5
53. Nxg6 Rxa5 54. Nf4+ Ke5 55. h4 Ra3+ 56. Kg2 Ke4 57. Nxh5 Ra2+ 58. Kh3 Ke5
59. Nf4 Kf6 60. Nd5+ Ke6 61. Nf4+ Kf7 62. h5 Ra1 63. Kh4 Kf6 64. Nd5+ Ke5 65.
Nf4 Rg1 66. h6 Kf6 67. Nd5+ Kg6 68. Ne7+ Kxh6 69. Nxf5+ Kg6 70. g4 Kf6 71. Ng3
Rd1 72. Kh5 Rd5+ 73. Kh6 Rd3 74. g5+ Ke5 75. Nh5 Rd8 76. g6 Rh8+ 77. Kg7 Rb8
78. Nf4 Rb1 79. Nh5 Ra1 80. Nf6 Ra7+ 81. Kh8 Ra8+ 82. Ng8 Kf5 83. Kh7 Rb8 84.
Nh6+ Kf6 85. g7 Rb7 86. Nf7 Rxf7 87. Kh8 Rxg7 {PostModernist stalemated}
1/2-1/2

[Event "ICS rated blitz match"]
[Site "204.178.125.65"]
[Date "2000.09.15"]
[Round "?"]
[White "Hossa"]
[Black "PostModernist"]
[Result "0-1"]
[WhiteElo "2573"]
[BlackElo "2622"]
[PlyCount "152"]
[EventDate "2000.??.??"]

1. e4 c6 2. d4 d5 3. e5 c5 4. dxc5 e6 5. Be3 Nh6 6. b4 Nf5 7. Qd2 Nxe3 8. Qxe3
Be7 9. Bb5+ Bd7 10. Bxd7+ Qxd7 11. Ne2 a5 12. c3 axb4 13. cxb4 Na6 14. Qd2 Qb5
15. Nbc3 Qxb4 16. a3 Qc4 17. c6 bxc6 18. O-O Nc5 19. Qb2 O-O 20. Qb4 Qxb4 21.
axb4 Nd3 22. b5 cxb5 23. Nxb5 Nxe5 24. g3 Bc5 25. h3 Rxa1 26. Rxa1 Nd3 27. Nbd4
e5 28. Rd1 Nb2 29. Rb1 Nc4 30. Nc2 d4 31. Nc1 e4 32. Nb3 Rb8 33. Nca1 d3 34.
Rc1 e3 35. Nxc5 d2 36. Nab3 dxc1=Q+ 37. Nxc1 Rb1 38. N5d3 e2 39. f4 Rxc1+ 40.
Kf2 Rc2 41. g4 g6 42. f5 gxf5 43. gxf5 Kg7 44. Nf4 Kf6 45. Nxe2 h5 46. Kf1 Rxe2
47. Kxe2 Kxf5 48. Kf3 Nd2+ 49. Ke3 Nf1+ 50. Kf2 Kf4 51. Ke1 Nd2 52. Ke2 Kg3 53.
Ke3 f6 54. h4 Nf1+ 55. Kd4 Kxh4 56. Kd3 Kg3 57. Kc4 h4 58. Kd5 h3 59. Kc5 h2
60. Kd4 h1=Q 61. Kd3 Qd5+ 62. Kc3 Qb3+ 63. Kd4 Qc4+ 64. Kxc4 f5 65. Kd5 f4 66.
Kd6 f3 67. Ke5 f2 68. Kd4 Nh2 69. Ke4 f1=Q 70. Kd5 Qb5+ 71. Ke6 Qc6+ 72. Kf7
Qd7+ 73. Kg8 Qe7 74. Kh8 Nf3 75. Kg8 Ng5 76. Kh8 Qf8# {Hossa checkmated} 0-1

[Event "ICS rated blitz match"]
[Site "204.178.125.65"]
[Date "2000.09.15"]
[Round "?"]
[White "PostModernist"]
[Black "Hossa"]
[Result "1-0"]
[WhiteElo "2636"]
[BlackElo "2559"]
[PlyCount "123"]
[EventDate "2000.??.??"]

1. e4 c6 2. d4 d5 3. Nc3 dxe4 4. Nxe4 Bf5 5. Ng3 Bg6 6. Bc4 e6 7. N1e2 Bd6 8.
h4 h6 9. Nf4 Bh7 10. Ngh5 Bf8 11. Ng3 Bd6 12. Ngh5 Bf8 13. Ng3 Nd7 14. Bd3 Bxd3
15. Qxd3 Nb6 16. Be3 Bb4+ 17. c3 Bd6 18. Ne4 Be7 19. h5 Nf6 20. O-O-O Nbd7 21.
Nxf6+ Nxf6 22. Kb1 Qa5 23. f3 O-O-O 24. g4 Nd5 25. Nxd5 cxd5 26. Rhe1 Bh4 27.
Rf1 Qa4 28. Bf4 Be7 29. Qe2 Rhg8 30. Rde1 Bd6 31. Qh2 Bxf4 32. Qxf4 Rd7 33. Qe5
Rc7 34. f4 Rc6 35. f5 Ra6 36. a3 Qb3 37. fxe6 Rb6 38. Qh2 fxe6 39. Rf7 Rc6 40.
Kc1 Qb6 41. Qe5 Qb3 42. Ref1 Re8 43. Rf8 Rxc3+ 44. Kb1 Qc2+ 45. Ka2 Qb3+ 46.
Ka1 Rxf8 47. Rxf8+ Kd7 48. Rf7+ Kc6 49. Qc7+ Kb5 50. Qxb7+ Kc4 51. Rc7+ Kxd4
52. bxc3+ Ke4 53. Qxb3 a5 54. Qc2+ Ke5 55. Qh2+ Ke4 56. Qe2+ Kf4 57. Rf7+ Kg5
58. Qe3+ Kh4 59. Qf2+ Kh3 60. Rf3+ Kxg4 61. Qg2+ Kxh5 62. Rh3# {
Hossa checkmated} 1-0

[Event "ICS rated standard match"]
[Site "204.178.125.65"]
[Date "2000.09.15"]
[Round "?"]
[White "MODIFICADOR"]
[Black "Hossa"]
[Result "0-1"]
[WhiteElo "2178"]
[BlackElo "2299"]
[PlyCount "98"]
[EventDate "2000.??.??"]

1. d4 Nf6 2. c4 g6 3. g3 d5 4. cxd5 Nxd5 5. Nf3 Nb6 6. Bg2 Bg7 7. O-O Nc6 8.
Be3 O-O 9. Na3 Bg4 10. h3 Be6 11. b3 Qd7 12. Kh2 Rfd8 13. Rc1 Bd5 14. Nb5 a6
15. Nc3 Bxf3 16. Bxf3 Bxd4 17. Bxd4 Qxd4 18. Qxd4 Rxd4 19. Bxc6 bxc6 20. Rfd1
c5 21. e3 Rxd1 22. Nxd1 Rd8 23. Kg2 f5 24. e4 fxe4 25. Ne3 Nd5 26. Nxd5 Rxd5
27. Rc4 Re5 28. Kf1 e3 29. f4 e2+ 30. Ke1 Re3 31. Rxc5 Rxg3 32. Rxc7 Kf7 33.
Ra7 Rxh3 34. Rxa6 Re3 35. Ra5 h5 36. b4 h4 37. Rg5 h3 38. Rg1 Kf6 39. a4 Kf5
40. a5 Kxf4 41. a6 Ra3 42. Kxe2 h2 43. Rh1 Kg3 44. b5 Kg2 45. Rb1 Ra2+ 46. Kd3
e5 47. Ke4 h1=Q 48. Rxh1 Kxh1 49. Kxe5 Ra5 {MODIFICADOR resigns} 0-1